Länder nach Duschgels #7 - Statistiken

Allgemein
  • Dieses Quiz wurde 25 mal gespielt
  • Das Durchschnittsergebnis liegt bei 8 aus 10
Antwortstatistiken
Bildquiz Antwort % Korrekt
Kambodscha
95%
Barbados
80%
Jamaika
80%
Neuseeland
80%
Irak
75%
Singapur
75%
Bolivien
70%
Ungarn
70%
Eritrea
65%
Senegal
65%
Keine übereinstimmenden Quizze gefunden
Verteilung der Resultate
Anzahl Personen mit jedem Resultat
Perzentil nach korrekt beantworteten Fragen
Ihre Resultats-Entwicklung
Sie haben dieses Quiz noch nicht gespielt